Logo BPK

Biblioteka

Politechniki Koszalińskiej

Encyklopedia audiowizualna Britannica : (Rekord nr 54795)

Szczegóły MARC
000 -ETYKIETA REKORDU
podpole kontrolne o stałej długości 01449nam a2200421 i 4500
001 - NUMER KONTROLNY REKORDU
pole kontrolne bg
015 ## - NUMER BIBLIOGRAFII NARODOWEJ
Numer bibliografii narodowej PB 9243/2007
020 ## - MIĘDZYNARODOWY ZNORMALIZOWANY NUMER KSIĄŻKI - ISBN
ISBN 836056325X
020 ## - MIĘDZYNARODOWY ZNORMALIZOWANY NUMER KSIĄŻKI - ISBN
ISBN 9788360563250
020 ## - MIĘDZYNARODOWY ZNORMALIZOWANY NUMER KSIĄŻKI - ISBN
ISBN 8360563047
020 ## - MIĘDZYNARODOWY ZNORMALIZOWANY NUMER KSIĄŻKI - ISBN
ISBN 9788360563045
020 ## - MIĘDZYNARODOWY ZNORMALIZOWANY NUMER KSIĄŻKI - ISBN
ISBN 159339330X
020 ## - MIĘDZYNARODOWY ZNORMALIZOWANY NUMER KSIĄŻKI - ISBN
ISBN 9781593393304
040 ## - ŹRÓDŁO KATALOGOWANIA
Instytucja, która utworzyła rekord BPK
041 1# - KOD JĘZYKA
Kod języka tekstu pol
Kod języka oryginału eng
044 ## - KOD KRAJU WYDAWCY/PRODUCENTA
Kod kraju wydawcy/producenta POL
080 ## - UNIWERSALNA KLASYFIKACJA DZIESIĘTNA - UKD
UKD 520/524(03)
920 ## - Międzynarodowy znormalizowany numer książki – ISBN
ISBN 83-60563-25-X (ASP) :
Warunki dostępności zł 29
920 ## - Międzynarodowy znormalizowany numer książki – ISBN
ISBN 978-83-60563-25-0
920 ## - Międzynarodowy znormalizowany numer książki – ISBN
ISBN 83-60563-04-7 (seria)
920 ## - Międzynarodowy znormalizowany numer książki – ISBN
ISBN 978-83-60563-04-5
920 ## - Międzynarodowy znormalizowany numer książki – ISBN
ISBN 1-59339-330-X (seria oryg.)
920 ## - Międzynarodowy znormalizowany numer książki – ISBN
ISBN 978-1-59339-330-4
008 - POLE O STAŁEJ DŁUGOŚCI - DANE KONTROLNE
podpole kontrolne o stałej długości 070227s2006 pl a e |000 0 pol
245 00 - TYTUŁ/ODPOWIEDZIALNOŚĆ
Tytuł Encyklopedia audiowizualna Britannica :
Ciąg dalszy tytułu Ziemia i Wszechświat /
Pozostałe elementy strefy tytułu i oznaczenia odpowiedzialności [zespół aut. i tł. Piotr Adamczyk et al. ; aut. siatki haseł oraz przygot. red. Justyna Guziak-Jasiulewicz].
246 18 - WARIANT TYTUŁU
Tytuł Ziemia i Wszechświat
260 ## - STREFA ADRESU WYDAWNICZEGO
Miejsce wydania Poznań :
Nazwa wydawcy/dystrybutora Wydawnictwo Kurpisz ;
Miejsce wydania [Warszawa] :
Nazwa wydawcy/dystrybutora Axel Springer Polska,
Data publikacji, dystrybucji/powstania dokumentu cop. 2006.
300 ## - STREFA OPISU FIZYCZNEGO
Objętość 157, [1] s. :
Inne cechy fizyczne il. (w tym kolor.) ;
Rozmiary 25 cm +
Dokument towarzyszący dysk optyczny (DVD).
490 1# - STREFA SERII I DOKUMENTU WIELOCZĘŚCIOWEGO - FORMA NIE DO WYSZUKIWANIA
Tytuł i oznaczenie odpowiedzialności serii Encyclopædia Britannica
Numeracja w obrębie serii t. 21
500 ## - UWAGI OGÓLNE
Tekst uwagi U góry okł. nazwa czas.: Dziennik. Przygot. na podst.: Britannica - edycja polska.
546 ## - UWAGA O JĘZYKU
Uwaga o języku Tł. z ang.
650 #9 - HASŁO PRZEDMIOTOWE W FORMIE NAZWY OGÓLNEJ LUB JEDNOSTKOWEJ
Nazwa ogólna lub geograficzna Astronomia
655 ## - TERMIN INDEKSOWY - OKREŚLENIE RODZAJU/FORMY DOKUMENTU
Określenie rodzaju/formy dokumentu Encyklopedie
700 1# - HASŁO DODATKOWE - NAZWA OSOBOWA
Nazwa osobowa Adamczyk, Piotr
Dopowiedzenie (tłumacz).
700 1# - HASŁO DODATKOWE - NAZWA OSOBOWA
Nazwa osobowa Guziak-Jasiulewicz, Justyna.
Określenie związku między hasłem a opisywanym materiałem Red.
830 ## - HASŁO DODATKOWE SERII LUB DOKUMENTU WIELOCZĘŚCIOWEGO - TYTUŁ UJEDNOLICONY
Tytuł ujednolicony Encyclopædia Britannica
856 ## - LOKALIZACJA I DOSTĘP DO ELEKTRONICZNYCH DOKUMENTÓW ZDALNYCH
Link (URL) http://koha.tu.koszalin.pl/cgi-bin/koha/opac-detail.pl?biblionumber=54795
Tekst linku Katalog online BPK
942 ## - DODATKOWE ELEMENTY (KOHA)
Typ dokumentu Książka
Egzemplarze
Wycofany Status egzemplarza Uszkodzony Dostępność Lokalizacja stała Lokalizacja bieżąca Miejsce przechowywania Sygnatura Kod kreskowy Dział Typ dokumentu
      Tylko na miejscu Biblioteka Politechniki Koszalińskiej Biblioteka Politechniki Koszalińskiej Czytelnia BG 86873 02415086 0/9(03) Encyklopedie. Leksykony Książka
© 2023 Biblioteka Politechniki Koszalińskiej :: KOHA